| 000 | 00345nam a22001457a 4500 | ||
|---|---|---|---|
| 008 | 210429b ||||| |||| 00| 0 eng d | ||
| 020 | _a2900205569648 | ||
| 041 | _aeng | ||
| 080 |
_29th _a070 |
||
| 082 | _a070 | ||
| 100 | _a39 | ||
| 101 | _aMED | ||
| 245 |
_aThe Art of editing in the age of Convergence _cBrian S. Brooks |
||
| 942 |
_2udc _cBK |
||
| 999 |
_c57029 _d57029 |
||